| 000 | 00416ntaaa2200169 4500 | ||
|---|---|---|---|
| 003 | 01 | ||
| 005 | 20251027201934.0 | ||
| 008 | 0714s1973 ag 01 | ||
| 040 |
_aAR-BaBN _bspa _cAR-BaBN _eaacr _dRIC |
||
| 082 | _a245.0000 C74 | ||
| 245 | _aCien Himnos Favoritos | ||
| 250 |
_a1 ed. : _bEl Inca, _cc1950 |
||
| 300 | _a111 p. | ||
| 500 | _a(Concilio Nacional EvangĂ©lico del PerĂș) | ||
| 650 | _aHimnario | ||
| 942 | _cBK | ||
| 999 |
_c14116 _d14116 |
||